<?xml version="1.0" encoding="UTF-8"?>
<record
    xmlns:xsi="http://www.w3.org/2001/XMLSchema-instance"
    xsi:schemaLocation="http://www.loc.gov/MARC21/slim http://www.loc.gov/standards/marcxml/schema/MARC21slim.xsd"
    xmlns="http://www.loc.gov/MARC21/slim">

  <leader>00447    a2200157   4500</leader>
  <datafield tag="952" ind1=" " ind2=" ">
    <subfield code="0">0</subfield>
    <subfield code="1">0</subfield>
    <subfield code="4">0</subfield>
    <subfield code="7">0</subfield>
    <subfield code="8">NFIC</subfield>
    <subfield code="a">GCL</subfield>
    <subfield code="b">GCL</subfield>
    <subfield code="c">GEN</subfield>
    <subfield code="d">2021-05-21</subfield>
    <subfield code="l">1</subfield>
    <subfield code="o">RA643.8 GEN 2008</subfield>
    <subfield code="p">028196</subfield>
    <subfield code="r">2024-10-18 00:00:00</subfield>
    <subfield code="s">2024-10-08</subfield>
    <subfield code="t">c.1</subfield>
    <subfield code="w">2021-05-21</subfield>
    <subfield code="y">BK</subfield>
  </datafield>
  <datafield tag="952" ind1=" " ind2=" ">
    <subfield code="0">0</subfield>
    <subfield code="1">0</subfield>
    <subfield code="4">0</subfield>
    <subfield code="7">0</subfield>
    <subfield code="8">NFIC</subfield>
    <subfield code="a">LL</subfield>
    <subfield code="b">LL</subfield>
    <subfield code="c">GEN</subfield>
    <subfield code="d">2017-06-08</subfield>
    <subfield code="i">027838</subfield>
    <subfield code="l">0</subfield>
    <subfield code="o">RA643.8 GEN 2008</subfield>
    <subfield code="p">027838</subfield>
    <subfield code="r">2021-06-08 00:00:00</subfield>
    <subfield code="t">c.2</subfield>
    <subfield code="w">2021-06-08</subfield>
    <subfield code="y">BK</subfield>
  </datafield>
  <datafield tag="999" ind1=" " ind2=" ">
    <subfield code="c">8609</subfield>
    <subfield code="d">8609</subfield>
  </datafield>
  <datafield tag="020" ind1=" " ind2=" ">
    <subfield code="a">9780855985868</subfield>
  </datafield>
  <datafield tag="050" ind1=" " ind2=" ">
    <subfield code="a">RA643.8 AIK 2008</subfield>
  </datafield>
  <datafield tag="100" ind1=" " ind2=" ">
    <subfield code="a">Aikman, Sheila</subfield>
    <subfield code="e">editor</subfield>
  </datafield>
  <datafield tag="245" ind1=" " ind2=" ">
    <subfield code="a">Gender equality, HIV and AIDS:</subfield>
    <subfield code="b">A challenge for the education sector/</subfield>
  </datafield>
  <datafield tag="264" ind1=" " ind2=" ">
    <subfield code="a">UK:</subfield>
    <subfield code="b">Oxfam;</subfield>
    <subfield code="c">2008</subfield>
  </datafield>
  <datafield tag="300" ind1=" " ind2=" ">
    <subfield code="a">xii,230p.;</subfield>
  </datafield>
  <datafield tag="500" ind1=" " ind2=" ">
    <subfield code="a">Include index</subfield>
  </datafield>
  <datafield tag="650" ind1=" " ind2=" ">
    <subfield code="a">Gender quality</subfield>
  </datafield>
  <datafield tag="700" ind1=" " ind2=" ">
    <subfield code="a">Unterhalter, Elaine</subfield>
    <subfield code="e">editor</subfield>
  </datafield>
  <datafield tag="942" ind1=" " ind2=" ">
    <subfield code="2">lcc</subfield>
    <subfield code="c">BK</subfield>
    <subfield code="h">643.8</subfield>
    <subfield code="i">AIK</subfield>
    <subfield code="k">RA</subfield>
  </datafield>
</record>
